000 00653nam a22002417a 4500
003 UA-OsUOA
001 28310
007 ta
008 20050315b un ||||| |||| 00| 0 ukr d
100 _aРусначенко Анатолій
090 _a94(477).131
_bР88
942 _cBK
040 _aUA-OsUOA
_bukr
_cUA-OsUOA
_dUA-OsUOA
245 _aПробудження
_bРобітничий рух на Україні В 1989-1993 р.р.
300 _a231 с.
_bІлюстрації
955 _a0
041 _aukr
080 _a94(477).131
260 _aК.
_bКМ"Academia"
_c1995
044 _aUA
650 7 _2UDC
999 _c314675
_d314675